[Event "IND-ch Senior Open 2019"]
[Site "Mazitar"]
[Date "2019.12.10"]
[Round "1.1"]
[White "Gupta, Abhijeet"]
[Black "Ayush Sharma"]
[Result "1-0"]
[WhiteElo "2611"]
[BlackElo "1985"]
[Annotator "TA"]
[PlyCount "70"]
[EventDate "2018.12.08"]
[EventType "swiss"]
[EventCountry "IND"]
[SourceTitle "playchess.com"]
[Source "ChessBase"]
[SourceQuality "1"]

{[%evp 23,70,27,33,31,25,20,29,31,25,37,42,26,57,20,17,35,23,0,34,-87,-83,-81,-87,-91,-79,-155,-30,-30,0,0,0,-49,87,-77,0,0,205,214,208,0,197,-143,187,0,16,-95,208,0,377]} 1. d4 Nf6 2. c4 e6 3. Nc3 d5 4. cxd5 exd5 5. Bg5 Be7 6. e3 O-O 7. Bd3 Nbd7 8. Nf3 Re8 9. Qc2 c6 10. h3 Nf8 11. Bf4 Bd6 12. Bxd6 Qxd6 13. O-O-O {D36: Queen's Gambit Declined: Exchange Variation: Main line (5 Bg5 c6 6 Qc2)} Bd7 14. Kb1 c5 15. dxc5 {White has an edge.} Qxc5 16. g4 Rac8 17. Rc1 Ne4 18. Bxe4 dxe4 19. Nd2 Qe5 20. Rhd1 {[%cal Rd2e4]} (20. Ndxe4 {feels hotter.} b5 21. Qb3 a5 22. Ng3 Bc6 23. Rhd1) 20... h5 (20... b5 {looks sharper.} 21. Qxe4 Rxc3 22. Rxc3 Qxe4+ 23. Nxe4 Rxe4 24. Rc7 Re7) 21. Qxe4 (21. Ndxe4 $14 {stays ahead.} hxg4 22. hxg4) 21... Rxc3 $1 $17 {[%mdl 64] Remove Defender} 22. Rxc3 Qxe4+ 23. Nxe4 Rxe4 24. Rd5 (24. gxh5 $142 Bc6 25. f4) 24... Re6 ({Black should try} 24... hxg4 $17 25. hxg4 Rxg4) 25. Rc7 $11 Bc6 26. Rd8 {Hoping for Rcc8.} Be4+ 27. Kc1 (27. Ka1 $5 {[%cal Rc7c8]} Rc6 28. Rxc6 Bxc6 29. gxh5 $11) 27... g5 (27... hxg4 $15 {keeps the upper hand.} 28. hxg4 g5) 28. f4 $2 (28. Rcc8 $1 $16 Rc6+ 29. Rxc6 Bxc6 30. gxh5) 28... gxf4 (28... Kg7 $17) 29. exf4 Rc6+ $2 (29... hxg4 $11 30. hxg4 Rc6+ 31. Rxc6 Bxc6) 30. Rxc6 $18 Bxc6 31. Kd2 $2 (31. gxh5 $18 {Threatens to win with h6.} f5 32. h6) 31... f5 $2 (31... Kg7 $11 {and Black has nothing to worry.}) 32. Ke3 $2 (32. gxf5 h4 $11) (32. gxh5 $18 Kf7 33. h6) 32... Bg2 $2 {[%mdl 8192]} (32... fxg4 $17 {keeps the pressure on.} 33. hxg4 hxg4) 33. g5 $2 ({And not} 33. gxf5 Bxh3 34. Re8 Kf7 $11) (33. gxh5 $18 Kf7 34. h4) 33... Bxh3 34. Ra8 {[#]} (34. Kf2 $11 {keeps the balance.}) 34... Kf7 $2 {[%mdl 8192] [#]} (34... Bg2 $1 $17 {and life is bright.} 35. Rd8 (35. Rxa7 h4 $17) 35... Kg7) 35. Rxa7 $2 (35. Kf2 $1 $18) 35... Kg6 $2 {[%mdl 8192] Accuracy: White = 23%, Black = 16%.} (35... Bg2 $11) 1-0

[Event "IND-ch Senior Open 2019"]
[Site "Mazitar"]
[Date "2019.12.10"]
[Round "1.2"]
[White "Tamang Thendup"]
[Black "Aravindh, Chithambaram VR."]
[Result "0-1"]
[WhiteElo "1979"]
[BlackElo "2605"]
[Annotator "TA"]
[PlyCount "93"]
[EventDate "2018.12.08"]
[EventType "swiss"]
[EventCountry "IND"]
[SourceTitle "playchess.com"]
[Source "ChessBase"]
[SourceQuality "1"]

{[%evp 17,93,12,5,7,12,0,8,12,15,4,11,4,1,12,9,18,26,21,37,23,30,15,41,9,4,2,11,-46,-34,-79,-70,-77,-75,-75,-70,-75,-70,-87,-93,-89,-81,-87,-91,-118,-118,-118,-114,-115,-103,-118,-118,-131,-131,-131,-131,-131,-131,-131,-131,-164,-157,-157,-154,-157,-146,-253,-253,-590,-566,-512,-492,-427,-382,-555,-495,-6487,-6095,-29985]} 1. e4 c5 2. c3 d5 3. exd5 Qxd5 4. d4 Nf6 5. Nf3 Nc6 6. Be2 e6 7. Na3 Qd8 8. Nc2 Be7 9. O-O O-O 10. Bf4 {B22: Sicilian: 2 c3} Qb6 11. Qc1 cxd4 12. Ncxd4 {The position is equal.} Nxd4 13. Nxd4 Bd7 14. Bf3 Rac8 15. Rd1 Rfd8 16. Qc2 Qa6 17. a4 Be8 18. Qb3 Nd5 19. Bg3 Bc5 20. Be2 Qb6 21. Qxb6 Nxb6 22. Nb5 ({White should play} 22. Nb3 $11 Be7 23. Rxd8 Rxd8 24. Bc7) 22... a6 $15 23. a5 Bxb5 24. Bxb5 axb5 25. axb6 Bxb6 26. Kf1 Kf8 27. Bd6+ Ke8 $1 28. Ke2 Ra8 {...Rxa1 is the strong threat.} 29. Rxa8 Rxa8 $17 {[%mdl 4096] Endgame KRB-KRB} 30. f4 Rd8 31. Rd3 Rd7 32. g3 Kd8 33. b3 Kc8 34. c4 Bc7 35. Bf8 bxc4 36. bxc4 Rxd3 37. Kxd3 {[#] KB-KB} g6 $1 38. Ba3 Kd7 39. Bb4 Kc6 40. Bc3 f5 41. Bd4 {[#]} (41. Ke3 $17) 41... Bb6 $1 $19 42. Be5 $2 (42. Bc3 {is more resistant.}) 42... Bg1 43. h3 Bh2 44. g4 {[#]} g5 $1 {[%mdl 512]} 45. gxf5 (45. Bg7 {is a better defense.} fxg4 46. hxg4) (45. fxg5 Bxe5) 45... exf5 46. Kd4 (46. Bg7 $142 gxf4 47. Be5) 46... Bxf4 47. Bc7 {Accuracy: White = 35%, Black = 64%.} 0-1

[Event "IND-ch Senior Open 2019"]
[Site "Mazitar"]
[Date "2019.12.10"]
[Round "1.3"]
[White "Vaibhav, Suri"]
[Black "Sumit, Grover"]
[Result "1/2-1/2"]
[WhiteElo "2597"]
[BlackElo "1978"]
[Annotator "TA"]
[PlyCount "145"]
[EventDate "2018.12.08"]
[EventType "swiss"]
[EventCountry "IND"]
[SourceTitle "playchess.com"]
[Source "ChessBase"]
[SourceQuality "1"]

{[%evp 9,145,21,22,11,27,21,21,21,21,21,22,22,22,18,23,17,21,18,45,36,35,22,24,10,24,17,25,11,49,52,50,28,27,27,20,26,27,31,45,27,34,27,34,27,26,27,27,17,27,-8,-9,-29,-44,-74,-68,-95,-99,-65,-41,-50,-49,-101,-87,-93,-93,-97,-50,-80,-65,-207,-206,-247,-170,-481,-479,-478,-478,-475,-470,-491,-457,-697,-688,-616,-704,-1271,-1451,-2036,-847,-821,-571,-542,-318,-321,-139,-139,-139,-139,-139,-139,-139,-139,-136,-467,-459,-174,-239,-260,-133,-138,-139,-436,-8,-8,-8,-8,-8,-8,-8,-8,-8,-8,-8,-8,0,-8,-8,-8,0,0,0,0,0,0,0,0,0,0]} 1. e4 c6 2. d4 d5 3. e5 Bf5 4. Nd2 e6 5. Nb3 c5 {[%mdl 64] Decoy} 6. dxc5 {B12: Caro-Kann: Advance Variation} Bxc5 7. Nxc5 Qa5+ 8. c3 Qxc5 9. Be3 Qc7 10. f4 Ne7 11. Nf3 Nbc6 12. Be2 O-O 13. O-O {[#]} Rfd8 $146 14. Rc1 Rac8 15. Qd2 Be4 16. Rfd1 Nf5 17. Bf2 h6 18. b3 Bxf3 (18... d4 {is more complex.} 19. Nxd4 Qa5 20. Qb2 Nfxd4 21. cxd4 Nb4) 19. Bxf3 d4 20. Be4 {[%cal Rc3d4]} dxc3 21. Qxc3 Rxd1+ 22. Rxd1 Rd8 23. Rc1 Qd7 24. h3 Qd2 25. Qxd2 Rxd2 26. Rc2 Rxc2 27. Bxc2 $11 {[%mdl 4096] Endgame KBB-KNN} Nfe7 28. Be4 Nd5 29. a3 a6 30. g3 g5 $1 31. Bxd5 exd5 $15 {KB-KN} 32. Be3 gxf4 33. Bxf4 Kh7 34. Kf2 Kg6 35. Ke3 (35. a4 $15) 35... h5 $17 36. g4 hxg4 37. hxg4 Kg7 38. Bg3 Kf8 39. Be1 (39. Bh4 $15) 39... Ke7 $1 $19 40. Bc3 Ke6 41. Kf4 $2 (41. a4) 41... d4 42. Bd2 Kd5 43. e6 fxe6 44. g5 {intending g6.} Ne5 45. a4 (45. Ba5 $142 Ng6+ 46. Kf3) 45... Ng6+ 46. Kf3 e5 47. Kg4 e4 48. Kf5 e3 49. Bc1 Ne5 50. Kf4 Nd3+ {[%mdl 64] Double Attack} 51. Kf5 Nc5 ({And not} 51... Nxc1 52. g6 $11) (51... e2 $1 $19 {[%cal Re2e1] has better winning chances.} 52. Bd2 Ne5) 52. g6 $17 {g7 is the strong threat.} Ne6 53. a5 Ng7+ $1 54. Kf4 Ke6 $1 {[%cal Re6d5]} 55. Ke4 Nf5 56. g7 $2 {[%mdl 8192]} (56. b4 $17 {was the crucial defense.}) 56... Nxg7 $19 57. Kxd4 Nf5+ (57... e2 $142 58. Bd2 Kd6 59. Bb4+ Kc6) 58. Ke4 e2 59. Bd2 {[#]} Nd6+ $1 60. Kd3 $2 {[%mdl 8192] [#]} (60. Kd4 $17 {was forced.}) 60... Kd5 $2 ({Better is} 60... Nb5 $1 $19 {White must now prevent ...Kd5.} 61. Ke4 Kd6 62. Bb4+ Kc6) 61. Kxe2 $11 {The position is equal.} Kc5 62. Kd3 Nc8 63. Kc3 Ne7 64. b4+ Kb5 65. Kb3 Nd5 66. Be1 Ne3 67. Bd2 Nc4 68. Bc3 Nd6 69. Bd2 Kc6 70. Bf4 Nb5 71. Kc4 Na3+ 72. Kb3 $1 {[%cal Rb3a3]} Nb5 73. Kc4 {Accuracy: White = 41%, Black = 66%.} 1/2-1/2

[Event "IND-ch Senior Open 2019"]
[Site "Mazitar"]
[Date "2019.12.10"]
[Round "1.4"]
[White "Nikhil Magizhnan"]
[Black "Sengupta, Deep"]
[Result "0-1"]
[WhiteElo "2077"]
[BlackElo "2564"]
[Annotator "TA"]
[PlyCount "56"]
[EventDate "2018.12.08"]
[EventType "swiss"]
[EventCountry "IND"]
[SourceTitle "playchess.com"]
[Source "ChessBase"]
[SourceQuality "1"]

{[%evp 20,74,14,21,37,35,32,0,-3,0,49,56,80,63,79,81,64,60,58,60,68,49,56,63,70,91,97,0,-10,-8,-4,-103,-104,-107,-51,-104,-60,-52,881,-266,706,0,0,0,0,0,0,0,0,-112,-95,-202,-184,-632,-636,-599,-584]} 1. e4 e6 2. d4 d5 3. Nc3 Nf6 4. e5 Nfd7 5. f4 c5 6. Nf3 a6 7. Be3 Qb6 8. Na4 Qa5+ 9. c3 cxd4 10. b4 Qc7 11. Qxd4 Nc6 {C11: French: Classical System: 4 e5 and 4 Bg5 dxe4} 12. Qd2 $1 Be7 13. Rc1 b5 {The position is equal.} 14. Nb2 $1 Nb6 15. Bd3 Bb7 16. O-O O-O 17. Qf2 Nc4 18. Nxc4 dxc4 19. Bc2 a5 20. a3 axb4 21. axb4 f6 22. exf6 Bxf6 23. Nd4 ({White should play} 23. Bc5 $16) 23... Nxd4 $11 24. Bxd4 Qc6 {Hoping for ...Bxd4.} 25. Bc5 (25. Rcd1 $11 {remains equal.}) 25... Rfd8 $17 26. Qe2 g6 (26... Ra3 $17 27. Rf2 Rxc3) 27. Rf3 (27. Rf2 $1 $15) 27... Qd7 28. Rg3 Ra2 {Played: Ra8-a1} 0-1

[Event "IND-ch Senior Open 2019"]
[Site "Mazitar"]
[Date "2019.12.10"]
[Round "1.5"]
[White "Lalith Babu M R"]
[Black "Likhit Chilukuri"]
[Result "1-0"]
[WhiteElo "2556"]
[BlackElo "1954"]
[Annotator "TA"]
[PlyCount "41"]
[EventDate "2018.12.08"]
[EventType "swiss"]
[EventCountry "IND"]
[SourceTitle "playchess.com"]
[Source "ChessBase"]
[SourceQuality "1"]

{[%evp 13,41,30,36,27,50,29,30,40,33,4,12,24,150,159,239,224,214,227,222,230,233,225,430,420,602,604,1280,870,29988,29989]} 1. c4 Nf6 2. Nc3 g6 3. e4 d6 4. d4 Bg7 5. Nf3 O-O 6. h3 e5 7. d5 Nh5 8. g3 {E90: King's Indian: Classical: Early deviations and 6 h3} f5 9. exf5 gxf5 10. Nh4 {White has an edge.} Nf4 11. gxf4 {Black must now prevent Qh5.} Qxh4 12. Rg1 {And now fxe5 would win.} Kh8 (12... exf4 $11 13. Qf3 Nd7) 13. fxe5 $16 Bxe5 {[#]} (13... dxe5 $16 {was worth a try.} 14. Bg5 Qd4) 14. Bg5 $1 $18 {[%cal Rg5h4]} Qd4 15. Qxd4 Bxd4 {[#]} 16. Nb5 $1 {[%cal Rb5d4]} Bb6 {[#]} 17. c5 $1 {[%mdl 512]} dxc5 $2 (17... Ba5+ 18. Bd2 Bxd2+ 19. Kxd2 Nd7 20. Nxc7 Rb8) (17... Bxc5 18. Nxc7) 18. O-O-O Nd7 (18... a6 $142 19. Nxc7 Bxc7) 19. d6 {Bh6 is the strong threat.} c6 20. Nc7 {aiming for Bh6.} Rb8 21. Bh6 {Accuracy: White = 88%, Black = 18%.} 1-0

[Event "IND-ch Senior Open 2019"]
[Site "Mazitar"]
[Date "2019.12.10"]
[Round "1.6"]
[White "Singh, Pritam"]
[Black "Ghosh, Diptayan"]
[Result "0-1"]
[WhiteElo "1953"]
[BlackElo "2555"]
[Annotator "ChessBase"]
[PlyCount "72"]
[EventDate "2018.12.08"]
[EventType "swiss"]
[EventRounds "11"]
[EventCountry "IND"]
[SourceTitle "playchess.com"]
[Source "ChessBase"]
[SourceQuality "1"]
[TimeControl "40/5400+30:1800+30"]

1. d4 {[%emt 0:00:00]} Nf6 {[%emt 0:00:02]} 2. Bf4 {[%emt 0:00:01]} d5 {[%emt 0:00:02]} 3. e3 {[%emt 0:00:02]} c5 {[%emt 0:00:00]} 4. c3 {[%emt 0:00:01]} Nc6 {[%emt 0:00:00]} 5. Nd2 {[%emt 0:00:01]} Bf5 {[%emt 0:00:01]} 6. Ngf3 {[%emt 0:00:02]} e6 {[%emt 0:00:00]} 7. Ne5 {[%emt 0:00:02]} Nxe5 {[%emt 0:00:01]} 8. dxe5 {[%emt 0:00:00]} Nd7 {[%emt 0:00:01]} 9. e4 {[%emt 0:00:23]} dxe4 {[%emt 0:00:01]} 10. h4 {[%emt 0:00:02]} h5 {[%emt 0:00:00]} 11. Be2 {[%emt 0:00:02]} Be7 {[%emt 0:00:00]} 12. Nc4 {[%emt 0:00:01]} Qc7 {[%emt 0:00:02]} 13. Qa4 {[%emt 0:00:02]} O-O {[%emt 0:00:01]} 14. Rd1 {[%emt 0:00:02]} Rfd8 {[%emt 0:00:02]} 15. Bxh5 {[%emt 0:00:02]} a6 {[%emt 0:00:02]} 16. Bg3 {[%emt 0:00:02]} b5 {[%emt 0:00:02]} 17. Qa5 {[%emt 0:00:15]} Qc6 {[%emt 0:00:12]} 18. Ne3 {[%emt 0:00:02]} c4 {[%emt 0:00:01]} 19. O-O {[%emt 0:00:01]} Nc5 {[%emt 0:00:02]} 20. Rd6 {[%emt 0:00:52]} Bxd6 {[%emt 0:00:05]} 21. exd6 {[%emt 0:00:00]} Rd7 {[%emt 0:00:03]} 22. Rd1 {[%emt 0:00:02]} Rad8 {[%emt 0:00:56]} 23. Qa3 {[%emt 0:00:02]} Nb7 {[%emt 0:00:02]} 24. Nc2 {[%emt 0:00:02]} Nxd6 {[%emt 0:00:02]} 25. Nb4 {[%emt 0:00:01]} Qb6 {[%emt 0:00:02]} 26. Qxa6 {[%emt 0:00:01]} Qxa6 {[%emt 0:00:01]} 27. Nxa6 Ne8 28. Re1 {[%emt 0:00:32]} Nf6 {[%emt 0:00:44]} 29. Be2 {[%emt 0:00:03]} Rd2 {[%emt 0:00:03]} 30. Bc7 {[%emt 0:00:03]} Ra8 {[%emt 0:00:03]} 31. Nb4 {[%emt 0:00:02]} Rxb2 {[%emt 0:00:02]} 32. Bf4 {[%emt 0:00:06]} Nd5 {[%emt 0:00:02]} 33. Bc1 {[%emt 0:00:03]} Rb1 {[%emt 0:00:01]} 34. Nxd5 {[%emt 0:00:01]} exd5 {[%emt 0:00:02]} 35. g4 {[%emt 0:00:01]} Rxa2 {[%emt 0:00:02]} 36. gxf5 {[%emt 0:00:02]} Raa1 {[%emt 0:00:01]} 0-1

[Event "IND-ch Senior Open 2019"]
[Site "Mazitar"]
[Date "2019.12.10"]
[Round "1.7"]
[White "Chanda, Sandipan"]
[Black "Nandhini, Saripalli"]
[Result "1-0"]
[WhiteElo "2545"]
[BlackElo "1949"]
[Annotator "ChessBase"]
[PlyCount "51"]
[EventDate "2018.12.08"]
[EventType "swiss"]
[EventRounds "11"]
[EventCountry "IND"]
[SourceTitle "playchess.com"]
[Source "ChessBase"]
[SourceQuality "1"]
[TimeControl "40/5400+30:1800+30"]

1. d4 {[%emt 0:00:00]} d5 {[%emt 0:00:03]} 2. Nf3 {[%emt 0:00:04]} e6 {[%emt 0:00:03]} 3. Bf4 {[%emt 0:00:20]} Nf6 {[%emt 0:00:03]} 4. e3 {[%emt 0:00:05]} Nh5 {[%emt 0:00:01]} 5. Be5 {[%emt 0:00:03]} f6 {[%emt 0:00:01]} 6. Bg3 {[%emt 0:00:04]} g6 {[%emt 0:00:01]} 7. c4 {[%emt 0:00:04]} Nxg3 {[%emt 0:00:04]} 8. hxg3 {[%emt 0:00:01]} c6 {[%emt 0:00:05]} 9. Bd3 {[%emt 0:00:01]} Bg7 {[%emt 0:00:05]} 10. cxd5 {[%emt 0:00:03]} cxd5 {[%emt 0:00:03]} 11. Rxh7 {[%emt 1:11:32]} Rxh7 {[%emt 0:00:15]} 12. Bxg6+ {[%emt 0:00:01]} Kf8 {[%emt 0:00:03]} 13. Bxh7 {[%emt 0:00:00]} f5 {[%emt 0:00:02]} 14. Bg6 {[%emt 0:00:04]} Nc6 {[%emt 0:00:01]} 15. Nc3 {[%emt 0:00:03]} Qf6 {[%emt 0:00:03]} 16. Bh5 {[%emt 0:00:02]} Qh6 {[%emt 0:00:00]} 17. Nh4 {[%emt 0:00:07]} Bf6 {[%emt 0:00:03]} 18. Ng6+ {[%emt 0:00:03]} Kg7 {[%emt 0:00:00]} 19. Nf4 {[%emt 0:00:04]} Bd7 {[%emt 0:00:04]} 20. Qb3 {[%emt 0:00:01]} b6 {[%emt 0:00:01]} 21. Ncxd5 {[%emt 0:00:04]} exd5 {[%emt 0:00:00]} 22. Qxd5 {[%emt 0:00:02]} Be8 {[%emt 0:00:00]} 23. Bxe8 {[%emt 0:00:03]} Rxe8 {[%emt 0:00:01]} 24. Qxc6 {[%emt 0:00:02]} Re7 {[%emt 0:00:00]} 25. O-O-O {[%emt 0:00:02]} Qh8 {[%emt 0:00:01]} 26. Kb1 {[%emt 0:00:03]} 1-0

[Event "IND-ch Senior Open 2019"]
[Site "Mazitar"]
[Date "2019.12.10"]
[Round "1.8"]
[White "Trailokya, Nanda"]
[Black "Deepan Chakkravarthy J."]
[Result "0-1"]
[WhiteElo "1948"]
[BlackElo "2535"]
[Annotator "ChessBase"]
[PlyCount "116"]
[EventDate "2018.12.08"]
[EventType "swiss"]
[EventRounds "11"]
[EventCountry "IND"]
[SourceTitle "playchess.com"]
[Source "ChessBase"]
[SourceQuality "1"]
[TimeControl "40/5400+30:1800+30"]

1. e4 {[%emt 0:00:00]} Nf6 {[%emt 0:00:01]} 2. e5 {[%emt 0:00:18]} Nd5 {[%emt 0:00:00]} 3. d4 {[%emt 0:00:03]} d6 {[%emt 0:00:00]} 4. Nf3 {[%emt 0:00:02]} dxe5 {[%emt 0:00:00]} 5. Nxe5 {[%emt 0:00:02]} c6 {[%emt 0:00:01]} 6. Nd2 {[%emt 0:00:01]} g6 {[%emt 0:00:00]} 7. Ndf3 {[%emt 0:00:05]} Bg7 {[%emt 0:00:01]} 8. Bc4 {[%emt 0:00:02]} O-O {[%emt 0:00:01]} 9. O-O {[%emt 0:00:02]} b5 {[%emt 0:00:00]} 10. Bb3 {[%emt 0:00:02]} a5 {[%emt 0:00:00]} 11. a4 {[%emt 0:00:02]} b4 {[%emt 0:00:01]} 12. Re1 {[%emt 0:00:00]} Qc7 {[%emt 0:00:03]} 13. c4 {[%emt 0:00:03]} bxc3 {[%emt 0:00:00]} 14. bxc3 {[%emt 0:00:03]} Nd7 {[%emt 0:00:00]} 15. Ba3 {[%emt 0:00:04]} Nxe5 {[%emt 0:00:04]} 16. Nxe5 {[%emt 0:00:02]} Rb8 {[%emt 0:00:00]} 17. Bxd5 {[%emt 0:00:18]} cxd5 {[%emt 0:00:02]} 18. Qf3 {[%emt 0:00:02]} Be6 {[%emt 0:00:02]} 19. Rac1 {[%emt 0:00:05]} Rfe8 {[%emt 0:01:11]} 20. Bc5 {[%emt 0:00:21]} Rb3 {[%emt 0:00:01]} 21. h4 {[%emt 0:00:05]} Qc8 {[%emt 0:00:01]} 22. Nd3 {[%emt 0:00:05]} Bh6 {[%emt 0:00:04]} 23. Rc2 {[%emt 0:00:03]} Qb8 {[%emt 0:00:02]} 24. Ne5 {[%emt 0:00:03]} Rb1 {[%emt 0:00:02]} 25. Rce2 {[%emt 0:00:08]} Rxe1+ {[%emt 0:00:06]} 26. Rxe1 {[%emt 0:00:00]} Qc8 {[%emt 0:00:01]} 27. Rb1 {[%emt 0:00:13]} f6 {[%emt 0:00:01]} 28. Nd3 {[%emt 0:00:03]} Bf7 {[%emt 0:00:01]} 29. Rb5 {[%emt 0:00:10]} Qc7 {[%emt 0:00:05]} 30. g3 {[%emt 0:00:03]} Bg7 {[%emt 0:00:02]} 31. Nf4 {[%emt 0:00:03]} e6 {[%emt 0:00:01]} 32. Bb6 {[%emt 0:00:05]} Qc4 {[%emt 0:00:01]} 33. Rxa5 {[%emt 0:00:05]} Rb8 {[%emt 0:00:01]} 34. Rb5 {[%emt 0:00:03]} Qxa4 {[%emt 0:00:01]} 35. Rb4 {[%emt 0:00:03]} Qa2 {[%emt 0:00:13]} 36. Bc5 {[%emt 0:00:08]} Rxb4 {[%emt 0:00:18]} 37. Bxb4 {[%emt 0:00:01]} e5 {[%emt 0:00:01]} 38. Ne2 {[%emt 0:00:03]} h5 {[%emt 0:00:01]} 39. Qd3 {[%emt 0:00:08]} Kh7 {[%emt 0:00:08]} 40. Qb5 {[%emt 0:00:03]} Qb1+ {[%emt 0:00:28]} 41. Kg2 {[%emt 0:30:03]} Be6 {[%emt 0:30:01]} 42. Ng1 {[%emt 0:00:02]} exd4 {[%emt 0:00:03]} 43. cxd4 {[%emt 0:00:03]} Qe4+ {[%emt 0:00:01]} 44. Kh2 {[%emt 0:00:03]} Qxd4 {[%emt 0:00:01]} 45. Bc5 {[%emt 0:00:03]} Qc4 {[%emt 0:00:02]} 46. Qb6 {[%emt 0:00:01]} Bd7 {[%emt 0:00:04]} 47. Qa7 {[%emt 0:00:03]} Qg4 {[%emt 0:00:04]} 48. Bd4 {[%emt 0:00:04]} Qf5 {[%emt 0:00:02]} 49. Bc5 {[%emt 0:00:04]} Bb5 {[%emt 0:00:01]} 50. Qb7 {[%emt 0:00:04]} Qd7 {[%emt 0:00:01]} 51. Qb6 {[%emt 0:00:08]} Bd3 {[%emt 0:00:01]} 52. Nh3 {[%emt 0:00:04]} Be4 {[%emt 0:00:01]} 53. Nf4 {[%emt 0:00:03]} Qa4 {[%emt 0:00:01]} 54. Qc7 {[%emt 0:00:03]} Qd1 {[%emt 0:00:03]} 55. f3 {[%emt 0:00:03]} Qxf3 {[%emt 0:00:28]} 56. Kg1 {[%emt 0:00:01]} Qxg3+ {[%emt 0:00:04]} 57. Kf1 {[%emt 0:00:00]} Bd3+ {[%emt 0:00:02]} 58. Nxd3 {[%emt 0:00:10]} Qxc7 {[%emt 0:00:01]} 0-1

[Event "IND-ch Senior Open 2019"]
[Site "Mazitar"]
[Date "2019.12.10"]
[Round "1.9"]
[White "Visakh N R"]
[Black "Aishwin Daniel"]
[Result "1-0"]
[WhiteElo "2516"]
[BlackElo "1941"]
[Annotator "ChessBase"]
[PlyCount "58"]
[EventDate "2018.12.08"]
[EventType "swiss"]
[EventRounds "11"]
[EventCountry "IND"]
[SourceTitle "playchess.com"]
[Source "ChessBase"]
[SourceQuality "1"]
[TimeControl "40/5400+30:1800+30"]

1. c4 {[%emt 0:00:00]} c6 {[%emt 0:00:01]} 2. Nf3 {[%emt 0:00:01]} d5 {[%emt 0:00:00]} 3. b3 {[%emt 0:00:03]} Nf6 {[%emt 0:00:00]} 4. Bb2 {[%emt 0:00:01]} Bf5 {[%emt 0:00:00]} 5. g3 {[%emt 0:00:01]} Nbd7 {[%emt 0:00:01]} 6. Bg2 {[%emt 0:00:02]} e6 {[%emt 0:00:01]} 7. O-O {[%emt 0:00:01]} Bd6 {[%emt 0:00:01]} 8. d3 {[%emt 0:00:02]} O-O {[%emt 0:00:00]} 9. Nc3 {[%emt 0:00:02]} Qe7 {[%emt 0:00:01]} 10. Re1 {[%emt 0:00:01]} Rfd8 {[%emt 0:00:03]} 11. a3 {[%emt 0:00:01]} a6 {[%emt 0:00:00]} 12. Qc2 {[%emt 0:00:01]} Bg6 {[%emt 0:00:00]} 13. Nh4 {[%emt 0:00:02]} Nf8 {[%emt 0:00:02]} 14. e4 {[%emt 0:00:02]} dxe4 {[%emt 0:00:02]} 15. dxe4 {[%emt 0:00:00]} e5 {[%emt 0:00:00]} 16. Nf5 {[%emt 0:00:01]} Qc7 {[%emt 0:00:02]} 17. Na4 {[%emt 0:00:02]} b5 {[%emt 0:00:01]} 18. c5 {[%emt 0:00:02]} Be7 {[%emt 0:00:00]} 19. Nb6 {[%emt 0:00:02]} Rab8 {[%emt 0:00:01]} 20. b4 {[%emt 0:00:02]} Re8 {[%emt 0:00:01]} 21. a4 {[%emt 0:00:01]} N8d7 {[%emt 0:00:03]} 22. axb5 {[%emt 0:00:07]} axb5 {[%emt 0:00:06]} 23. Nxd7 {[%emt 0:00:06]} Nxd7 {[%emt 0:00:02]} 24. Red1 {[%emt 0:00:06]} Bf8 {[%emt 0:00:02]} 25. Nd6 {[%emt 0:00:03]} Bxd6 {[%emt 0:00:00]} 26. Rxd6 {[%emt 0:00:02]} Ra8 {[%emt 0:00:02]} 27. Rxa8 {[%emt 0:00:16]} Rxa8 {[%emt 0:00:02]} 28. Qd3 {[%emt 0:00:04]} Nf8 {[%emt 0:00:03]} 29. Bxe5 {[%emt 0:00:05]} Qc8 {[%emt 0:00:00]} 1-0